| 000 | 00995nam a2200229Ii 4500 | ||
|---|---|---|---|
| 003 | JO-AjNU | ||
| 008 | 230605s9999||||xx |||||||||||||| ||und|| | ||
| 017 | _a2011/11052 | ||
| 020 | _a978-977-327-906-6 | ||
| 040 |
_aJO-AjNU _bara _erda _cJO-AjNU |
||
| 041 | _aara | ||
| 050 | 1 | 4 | _aGV716.M84 2012 |
| 100 | 3 |
_aعلم الدين، دعاء محمد عابدين محمد, _eauthor _934355 |
|
| 245 | 0 | 0 | _aاستثمار العلامات التجارية في تسويق الأنشطة الرياضية |
| 250 | _aط1 | ||
| 264 | 3 | 1 | _aالاسكندرية: دار الوفاء لدنيا الطباعة والنشر، 2012 |
| 300 |
_a227ص _bيشتمل على جداول |
||
| 336 |
_atext _btxt _2rdacontent |
||
| 337 |
_aunmediated _bn _2rdamedia |
||
| 338 |
_avolume _bnc _2rdacarrier |
||
| 650 | 4 |
_aالتربية البدنية - تسويف - التربية الرياضبة - ادارة - الالعاب الرياضية - ادارة - العلامات التجارية - مصر _934356 |
|
| 999 |
_aA14079 _c17647 _d17647 |
||